| 000 -LEADER |
| fixed length control field |
02760nmm a22002297a 4500 |
| 003 - CONTROL NUMBER IDENTIFIER |
| control field |
OSt |
| 005 - DATE AND TIME OF LATEST TRANSACTION |
| control field |
20240419111132.0 |
| 008 - FIXED-LENGTH DATA ELEMENTS--GENERAL INFORMATION |
| fixed length control field |
191018e xxu|||||o||d| 00| 0 spa d |
| 020 ## - INTERNATIONAL STANDARD BOOK NUMBER |
| International Standard Book Number |
9789507277658 |
| 040 ## - CATALOGING SOURCE |
| Transcribing agency |
PJ |
| 245 10 - TITLE STATEMENT |
| Title |
Revista Laboral : |
| Remainder of title |
derecho colectivo / |
| Statement of responsibility, etc |
Mario E. Ackerman director. |
| 260 ## - PUBLICATION, DISTRIBUTION, ETC. (IMPRINT) |
| Place of publication, distribution, etc |
Santa Fé : |
| Name of publisher, distributor, etc |
Rubinzal Culzoni, |
| Date of publication, distribution, etc |
2006. |
| 300 ## - PHYSICAL DESCRIPTION |
| Extent |
656 p. |
| Dimensions |
22 cm. |
| 310 ## - CURRENT PUBLICATION FREQUENCY |
| Current publication frequency |
semestral |
| 362 ## - DATES OF PUBLICATION AND/OR SEQUENTIAL DESIGNATION |
| Dates of publication and/or sequential designation |
No.2 (2006) |
| 500 ## - GENERAL NOTE |
| General note |
Limitaciones y bilateralidad del interés colectivo, por Mario Ackerman; <br/>Las relaciones laborales en las empresas. Sindicalización e inclusión convencional, por Héctor Palomino; <br/>La libertad sindical y la OIT, por Viridiana Díaz Aloy; <br/>Acción declarativa promovida por el sindicato frente al incumplimiento o fraude del empleador, por Jorge Elías; <br/>La democracia sindical y el derecho electoral, por Alejandro Aníbal Segura; <br/>Democracia sindical: el caso argentino, por Luis Enrique Ramírez; <br/>El desplazamiento de la personería gremial. O reemplazo en el goce de la condición de sindicato más representativo, por Jorge J. Sappia; <br/>Prejudicialidad en conflictos intrasindicales, por César Arese; <br/>Encuadramiento sindical, por Valentín Rubio; <br/>La protección de la libertad sindical: el amparo sindical, por Juan Martín Morando; <br/>Libertad sindical y prevención de prácticas antisindicales, por Aurelio Fanjul; <br/>La actividad de las empresas de servicios eventuales y las relaciones colectivas del trabajo, por Alejandro Di Sabatino; <br/>Nuevos criterios en materia de protección de la libertad sindical individual, por José Daniel Machado y Raúl Horacio Ojeda; <br/>El auge de la negociación colectiva. El marco normativo como condición orientadora, por Pablo Titiro;<br/>La formación profesional. En el marco de una propuesta de promoción y fomento de la negociación colectiva en la República Argentina, por Pablo Arnaldo Topet; <br/>Los calificativos de la negociación colectiva. Cuestiones de competencia entre Nación y provincias en materia de negociación colectiva (sector privado y público provincial), por Gabriel Tosto; <br/>Apuntes sobre la huelga y el daño, por Eduardo O. Álvarez;<br/>La reglamentación del derecho de huelga, por Mariano Recalde; <br/>La regulación de la huelga en los servicios esenciales. Compatibilización entre límites y garantías al ejercicio del derecho, por Héctor Omar García. Compilación temática de jurisprudencia, por Raúl Horacio Ojeda y Maximiliano Rouco.<br/><br/> |
| 650 #0 - SUBJECT ADDED ENTRY--TOPICAL TERM |
| 9 (RLIN) |
1316 |
| Topical term or geographic name as entry element |
DERECHO LABORAL |
| 650 #0 - SUBJECT ADDED ENTRY--TOPICAL TERM |
| 9 (RLIN) |
1338 |
| Topical term or geographic name as entry element |
DERECHO COLECTIVO DEL TRABAJO |
| 700 ## - ADDED ENTRY--PERSONAL NAME |
| 9 (RLIN) |
1423 |
| Personal name |
Ackermann, Mario Eduardo |
| Función |
director |
| 856 ## - ELECTRONIC LOCATION AND ACCESS |
| Uniform Resource Identifier |
<a href="https://www.rubinzal.com.ar/revistas/revista-de-derecho-laboral/5/?menupc=1">https://www.rubinzal.com.ar/revistas/revista-de-derecho-laboral/5/?menupc=1</a> |
| Link text |
Revista Derecho Laboral |
| 942 ## - ADDED ENTRY ELEMENTS (KOHA) |
| Source of classification or shelving scheme |
|
| Koha item type |
Publicaciones Periódicas |